| 000 -LEADER |
| fixed length control field |
00376nam a22001577a 4500 |
| 008 - FIXED-LENGTH DATA ELEMENTS--GENERAL INFORMATION |
| fixed length control field |
150601b xxu||||| |||| 00| 0 eng d |
| 020 ## - INTERNATIONAL STANDARD BOOK NUMBER |
| International Standard Book Number |
0517548232 |
| 041 0# - LANGUAGE CODE |
| Language code of text/sound track or separate title |
eng |
| 080 ## - UNIVERSAL DECIMAL CLASSIFICATION NUMBER |
| Universal Decimal Classification number |
33 |
| 100 1# - Rafti |
| Rafti |
Hazlitt, Henry, |
| 245 10 - TITLE STATEMENT |
| Title |
Economics in one lesson / |
| Statement of responsibility, etc |
Henry Hazlitt. |
| 300 ## - |
| -- |
218 f. ; |
| -- |
23 cm. |
| 505 ## - |
| -- |
Index: f.215-218 |
| 650 ## - |
| -- |
Ekonomiks |
| 942 ## - ADDED ENTRY ELEMENTS (KOHA) |
| Source of classification or shelving scheme |
|
| Item type |
Books |